000 00472nam a22001697a 4500
005 20251108172013.0
008 250721s1987 xx 000 0 ara d
082 1 4 _aق/لند
100 1 _aلندن، جاك
245 1 0 _aذئب البحار /
264 1 _aعمان :
_bدار منارات للنشر،
_c1987.
300 _a204ص
650 1 7 _aالقصص العربية
700 1 _aأبو حجله، عمران
_eترجمة
942 _2ddc
_cBK
999 _c68047
_d68047